000 01090cam a22003135a 4500
001 013438121
003 OSt
005 20170319150028.0
008 060120s2007 enk frb 001 0 eng d
015 _aGBA637234
_2bnb
016 7 _a013438121
_2Uk
020 _a9781845112592
040 _aStDuBDS
_beng
_cStDuBDS
_dUk
_dEG-ScBUE
043 _af-gh---
082 0 4 _a320.5409667
_bAMO
_222
100 1 _aAmoah, Michael.
245 1 0 _aReconstructing the nation in Africa :
_bthe politics of nationalism in Ghana /
_cMichael Amoah.
260 _aLondon ;
_aNew York :
_bTauris Academic Studies,
_c2007.
300 _aiv, 248 p. ;
_c22 cm.
490 0 _aInternational library of African studies ;
_v19
504 _aIncludes bibliographical references and index.
650 7 _aNationalism
_zGhana.
_2BUEsh
650 7 _aEthnic groups
_zGhana.
_2BUEsh
651 7 _aGhana
_xPolitics and government
_y1957-1979.
_2BUEsh
651 7 _aGhana
_xPolitics and government
_y1979-2001.
_2BUEsh
651 7 _aGhana
_xPolitics and government
_y2001-
_2BUEsh
653 _bBUSBOL
_cMarch2017
942 _2ddc
999 _c24476
_d24448